|
|
|
|
| LEADER |
04537nam a2200901 i 4500 |
| 001 |
nkc20243628287 |
| 003 |
CZ PrNK |
| 005 |
20250602145110.0 |
| 007 |
ta |
| 008 |
240829s2024 xr ach e 001 0dcze |
| 015 |
|
|
|a cnb003628287
|
| 020 |
|
|
|a 978-80-86621-40-1
|q (brožováno) :
|c neprodejné
|
| 035 |
|
|
|a (OCoLC)1514347303
|
| 040 |
|
|
|a BOA001
|b cze
|e rda
|
| 043 |
|
|
|a e-cs---
|
| 045 |
|
|
|a x6x8
|
| 072 |
|
7 |
|a 323
|x Vnitropolitický vývoj, politický život
|2 Konspekt
|9 15
|
| 080 |
|
|
|a 323.269
|2 MRF
|
| 080 |
|
|
|a 323.22
|2 MRF
|
| 080 |
|
|
|a 323.28
|2 MRF
|
| 080 |
|
|
|a 351.74-051
|2 MRF
|
| 080 |
|
|
|a 331.108.52
|2 MRF
|
| 080 |
|
|
|a 351.746.1(437)"1971/1989"
|2 MRF
|
| 080 |
|
|
|a (=411.16)
|2 MRF
|
| 080 |
|
|
|a 94(437)"1968"
|2 MRF
|
| 080 |
|
|
|a 343.982.323/.325
|2 MRF
|
| 080 |
|
|
|a (437)
|2 MRF
|
| 080 |
|
|
|a (062.552)
|2 MRF
|
| 245 |
0 |
0 |
|a Palachův odkaz /
|c Josef Mareš. Kariérní vzestup řezníka-uzenáře, aneb, František Matějka ve světle archivních materiálů / František Bártík, Dalimil Sypták. Projekt Pavouk - evidování osob židovského původu a vyznání Státní bezpečností v sedmdesátých a osmdesátých letech 20. století / Marek Suchánek, Michael Nosek / Krycí občanské průkazy a role Veřejné bezpečnosti při jejich obstarávání během srpnové okupace v roce 1968 / Daniel Povolný
|
| 250 |
|
|
|a Vydání 1.
|
| 264 |
|
1 |
|a Praha :
|b Policie ČR, Úřad dokumentace a vyšetřování zločinů komunismu SKPV,
|c 2024
|
| 300 |
|
|
|a 105 stran :
|b ilustrace, portréty, faksimile ;
|c 21 cm
|
| 336 |
|
|
|a text
|b txt
|2 rdacontent
|
| 337 |
|
|
|a bez média
|b n
|2 rdamedia
|
| 338 |
|
|
|a svazek
|b nc
|2 rdacarrier
|
| 490 |
1 |
|
|a Semper paratus ;
|v 7
|
| 500 |
|
|
|a 300 výtisků
|
| 504 |
|
|
|a Obsahuje bibliografii, bibliografické odkazy a rejstřík
|
| 600 |
1 |
7 |
|a Palach, Jan,
|d 1948-1969
|7 jn19990009947
|2 czenas
|
| 600 |
1 |
7 |
|a Matějka, František,
|d 1920-
|7 jo20251256946
|2 czenas
|
| 610 |
1 |
7 |
|a Československo.
|b Státní bezpečnost
|7 kn20020322223
|2 czenas
|
| 610 |
1 |
7 |
|a Československo.
|b Veřejná bezpečnost
|7 ko2010590668
|2 czenas
|
| 648 |
|
7 |
|a 1969-1989
|7 ch460663
|2 czenas
|
| 650 |
0 |
7 |
|a protestní hnutí
|7 ph124669
|z Československo
|y 1969-1989
|2 czenas
|
| 650 |
0 |
7 |
|a politická perzekuce
|7 ph124236
|z Československo
|y 1969-1989
|2 czenas
|
| 650 |
0 |
7 |
|a policisté
|7 ph124229
|z Česko
|y 20. století
|2 czenas
|
| 650 |
0 |
7 |
|a povýšení zaměstnanců
|7 ph728599
|2 czenas
|
| 650 |
0 |
7 |
|a akce Pavouk (1971-1989 : Československo)
|7 ph1257446
|2 czenas
|
| 650 |
0 |
7 |
|a Židé
|7 ph127782
|z Československo
|y 1969-1989
|2 czenas
|
| 650 |
0 |
7 |
|a Židé
|7 ph127782
|x perzekuce
|y 1969-1989
|2 czenas
|
| 650 |
0 |
7 |
|a Srpen (1968 : Československo)
|7 ph118100
|2 czenas
|
| 650 |
0 |
7 |
|a identifikace osob
|7 ph114751
|z Československo
|y 1969-1989
|2 czenas
|
| 650 |
0 |
9 |
|a protest movements
|z Czechoslovakia
|y 1969-1989
|2 eczenas
|
| 650 |
0 |
9 |
|a political persecution
|z Czechoslovakia
|y 1969-1989
|2 eczenas
|
| 650 |
0 |
9 |
|a policemen
|z Czechia
|y 20th century
|2 eczenas
|
| 650 |
0 |
9 |
|a promotions
|2 eczenas
|
| 650 |
0 |
9 |
|a Operation Pavouk (1971-1989 : Czechoslovakia)
|2 eczenas
|
| 650 |
0 |
9 |
|a Jews
|z Czechoslovakia
|y 1969-1989
|2 eczenas
|
| 650 |
0 |
9 |
|a Jews
|x persecutions
|y 1969-1989
|2 eczenas
|
| 650 |
0 |
9 |
|a Soviet intervention (1968 : Czechoslovakia)
|2 eczenas
|
| 650 |
0 |
9 |
|a identification of persons
|z Czechoslovakia
|y 1969-1989
|2 eczenas
|
| 653 |
0 |
|
|a krycí občanské průkazy
|
| 655 |
|
7 |
|a sborníky
|7 fd724344
|2 czenas
|
| 655 |
|
9 |
|a papers
|2 eczenas
|
| 700 |
1 |
|
|a Sypták, Dalimil
|7 ola20231204795
|4 aut
|
| 700 |
1 |
|
|a Nosek, Michael
|7 mzk20211124524
|4 aut
|
| 700 |
1 |
2 |
|a Mareš, Josef,
|d 1964-
|t Palachův odkaz
|
| 700 |
1 |
|
|a Bártík, František,
|d 1976-
|t Kariérní vzestup řezníka-uzenáře, aneb, František Matějka ve světle archivních materiálů
|
| 700 |
1 |
2 |
|a Suchánek, Marek,
|d 1979-
|t Projekt Pavouk - evidování osob židovského původu a vyznání Státní bezpečností v sedmdesátých a osmdesátých letech 20. století
|
| 700 |
1 |
2 |
|a Povolný, Daniel,
|d 1972-
|t Krycí občanské průkazy a role Veřejné bezpečnosti při jejich obstarávání během srpnové okupace v roce 1968
|
| 740 |
0 |
2 |
|a František Matějka ve světle archivních materiálů
|
| 830 |
|
0 |
|a Semper paratus
|0 s
|
| 910 |
2 |
|
|a BOA001
|b 2-1486.321
|
| 928 |
9 |
|
|a Úřad dokumentace a vyšetřování zločinů komunismu služby kriminální policie a vyšetřování
|
| 990 |
|
|
|a BK
|
| 995 |
|
|
|a 01
|
| 991 |
|
|
|b 202502
|c NOV
|
| 996 |
6 |
|
|b 2610994283
|c 2-1486.321
|l MZK
|r Sklad / do 1 hodiny
|n 1
|p p.v.
|w 001994109
|u 000010
|a 1
|e BOA001
|j MZK50
|s P
|